Online
Catalog

Cómo organizar una empresa / (Record no. 38182)

MARC details
000 -CABECERA
campo de control de longitud fija 00888nam a2200253 a 4500
001 - NÚMERO DE CONTROL
campo de control 000038692
005 - FECHA Y HORA DE LA ÚLTIMA TRANSACCIÓN
campo de control 20250527115319.0
008 - DATOS DE LONGITUD FIJA--INFORMACIÓN GENERAL
campo de control de longitud fija 130418s1996 dr 001 0 spa d
040 ## - FUENTE DE LA CATALOGACIÓN
Centro catalogador/agencia de origen DO-SdBNP
Lengua de catalogación spa
Centro/agencia transcriptor BNPHU
082 ## - NÚMERO DE LA CLASIFICACIÓN DECIMAL DEWEY
Número de clasificación 658.4
Número de documento/Ítem R696c
100 1# - ENTRADA PRINCIPAL--NOMBRE DE PERSONA
Nombre de persona Rodríguez, William,
Fechas asociadas al nombre 1954-
9 (RLIN) 20169
245 10 - MENCIÓN DE TÍTULO
Título Cómo organizar una empresa /
Mención de responsabilidad, etc. William Rodríguez, Edgar Guillermo, Eleido Rodríguez.
260 ## - PUBLICACIÓN, DISTRIBUCIÓN, ETC.
Lugar de publicación, distribución, etc. Santo Domingo :
Nombre del editor, distribuidor, etc. De Colores,
Fecha de publicación, distribución, etc. 1996.
300 ## - DESCRIPCIÓN FÍSICA
Extensión 247 p. ;
Dimensiones 20 cm.
504 ## - NOTA DE BIBLIOGRAFÍA, ETC.
Nota de bibliografía, etc. Bibliografía: p. 243-247.
590 ## - NOTA LOCAL (RLIN)
Nota local Inventariado, 2018/ YL
650 #0 - PUNTO DE ACCESO ADICIONAL DE MATERIA--TÉRMINO DE MATERIA
Término de materia o nombre geográfico como elemento de entrada Administración industrial
9 (RLIN) 5872
650 #0 - PUNTO DE ACCESO ADICIONAL DE MATERIA--TÉRMINO DE MATERIA
Término de materia o nombre geográfico como elemento de entrada Planificación empresarial
9 (RLIN) 1780
650 #4 - PUNTO DE ACCESO ADICIONAL DE MATERIA--TÉRMINO DE MATERIA
Término de materia o nombre geográfico como elemento de entrada Planificación estratégica
9 (RLIN) 2433
650 #4 - PUNTO DE ACCESO ADICIONAL DE MATERIA--TÉRMINO DE MATERIA
Término de materia o nombre geográfico como elemento de entrada Crecimiento empresarial
9 (RLIN) 20170
700 1# - PUNTO DE ACCESO ADICIONAL--NOMBRE DE PERSONA
Nombre de persona Rodríguez, Eleido,
Fechas asociadas al nombre 1948-
9 (RLIN) 20171
700 1# - PUNTO DE ACCESO ADICIONAL--NOMBRE DE PERSONA
Nombre de persona Guillermo, Edgar,
Fechas asociadas al nombre 1953-
9 (RLIN) 20172
910 ## - DATOS DE OPCIÓN DEL USUARIO (OCLC)
Datos de opción del usuario Validado. Control de calidad EMS
Holdings
Estado de retiro Estado de pérdida No para préstamo Código de colección Localización permanente Ubicación/localización actual Ubicación en estantería Fecha de adquisición Número de inventario Total de préstamos Signatura topográfica completa Código de barras Fecha visto por última vez Precio válido a partir de Tipo de ítem Koha
    Excluido de préstamo Patrimonio Dominicano Patrimonio Dominicano Patrimonio Dominicano Depósito 18.04.2013 LF1   658.4 R696c 38692-10 25.06.2020 25.06.2020 Libro y Folleto Colección Patrimonio Dominicano

Powered by Koha